01566nam a2200361 a 4500001001000000003000500010005001700015008004100032010001100073011001100084040000900095090001000104100004900114245021100163260006700374500006000441502009400501590004100595590004100636590004000677590004000717590004000757650003300797650005000830650003800880650006000918856007000978901000701048942001001055942000601065999001901071952011401090000115945CHAP20220329144554.0190821s2019 mx a |sm |||||||spa d a112406 a113378 cCHAP aTesis1 aGómez Núñez, Julissa Consuelo.913663813aLa OCEZ-CNPA-Chiapas:h[En línea]bde la lucha por la tierra a la construcción de la soberanía alimentaria con base agroecológica: pros, contras y asegunes /cpor Julissa Consuelo Gómez Núñez. aSan Cristobal de las Casas Chiapas, Méx. :bEl autor,c2019. aPara ver el contenido del material haga clic en la liga aTesis (M.C.en Desarrollo Rural Regional) -- UACH. Dirección General de Control Regional aBATCH-UPDb05c20190821lUCH01h1154 aE11695DGDb10c20190821lUCH01h1530 aE6339RRRb05c20190821lUCH01h1153 aE6339RRRb05c20190821lUCH01h1153 aE6339RRRb05c20190821lUCH01h142514aCampesinadoxChiapas.91800114aOrganización de la comunidad rural.913450314aProducción alimentaria.913601914aSoberania alimentariaxProgramas de desarrollo.9132988 aFinding aiduhttp://10.13.5.2/tesis/sist115945.pdfzTeclea aquí aBK cTESIS n0 c112406d112406 00102local40718TESISaBCbBCd2019-08-21fTESISl0oTesisp115956-10r2019-12-31 00:00:00w2019-08-21yCD